[Event "Hull 4NCL GM Congress 2019"]
[Site "Hull"]
[Date "2019.10.31"]
[Round "2.4"]
[White "Harvey, Marcus R"]
[Black "Roberson, Peter T"]
[Result "1/2-1/2"]
[WhiteElo "2405"]
[BlackElo "2437"]
[Annotator "NA"]
[PlyCount "81"]
[EventDate "2019.10.30"]
[EventType "tourn"]
[EventCountry "ENG"]
[SourceTitle "playchess.com"]
[Source "ChessBase"]
[SourceQuality "1"]
[TimeControl "5400+30"]

1. d4 {[%emt 0:00:00]} Nf6 {[%emt 0:00:00]} 2. c4 {[%emt 0:00:00]} e6 {[%emt 0:00:00]} 3. Nc3 {[%emt 0:00:15]} Bb4 {[%emt 0:00:13]} 4. Qc2 {[%emt 0:00:04]} O-O {[%emt 0:00:41]} 5. e4 {[%emt 0:00:06]} d5 {[%emt 0:03:06]} 6. e5 {[%emt 0:00:12]} Ne4 {[%emt 0:00:47]} 7. Bd3 {[%emt 0:00:04]} c5 {[%emt 0:03:37]} 8. Nf3 {[%emt 0:00:37]} cxd4 {[%emt 0:01:36]} 9. Nxd4 {[%emt 0:00:05]} Nd7 {[%emt 0:01:32]} 10. Bf4 {[%emt 0:00:04]} Ndc5 {[%emt 0:04:38]} 11. O-O {[%emt 0:03:40]} Bxc3 {[%emt 0:05:21]} 12. bxc3 {[%emt 0:00:16]} Nxd3 {[%emt 0:07:14]} 13. Qxd3 {[%emt 0:00:11]} b6 {[%emt 0:03:07]} 14. cxd5 {[%emt 0:03:49]} Qxd5 {[%emt 0:01:59]} 15. c4 {[%emt 0:02:43]} Nc5 {[%emt 0:05:34]} 16. Qxh7+ {[%emt 0:01:49]} Kxh7 {[%emt 0:00:08]} 17. cxd5 {[%emt 0:00:08]} exd5 {[%emt 0:00:58]} 18. Rfd1 {[%emt 0:00:53]} Ne6 $11 {[%emt 0:09:14]} 19. Be3 {[%emt 0:03:01]} Nxd4 {[%emt 0:01:08]} 20. Bxd4 {[%emt 0:01:15]} Be6 {[%emt 0:05:01]} 21. Rac1 {[%emt 0:01:51]} Rfc8 {[%emt 0:01:25]} 22. h3 {[%emt 0:00:45]} Rc4 {[%emt 0:07:11]} 23. Rxc4 {[%emt 0:00:19]} dxc4 {[%emt 0:00:02]} 24. Bc3 {[%emt 0:00:26]} Rc8 {[%emt 0:05:49]} 25. g4 {[%emt 0:02:40]} b5 {[%emt 0:17:54]} 26. a3 {[%emt 0:00:44]} a5 {[%emt 0:02:22]} 27. Rc1 {[%emt 0:01:59]} b4 {[%emt 0:09:42]} 28. axb4 {[%emt 0:00:16]} axb4 {[%emt 0:00:01]} 29. Bxb4 {[%emt 0:00:07]} g5 {[%emt 0:01:14]} 30. Rc3 {[%emt 0:11:31]} Rd8 {[%emt 0:00:52]} 31. Bd6 {[%emt 0:00:20]} Kg6 {[%emt 0:01:19]} 32. Kg2 {[%emt 0:00:33]} f5 {[%emt 0:01:34]} 33. gxf5+ {[%emt 0:03:34]} Kxf5 {[%emt 0:00:17]} 34. Rg3 {[%emt 0:00:16]} Rd7 {[%emt 0:00:30]} 35. Kf3 {[%emt 0:02:23]} Rb7 {[%emt 0:00:29]} 36. Ke3 {[%emt 0:01:23]} Rb3+ {[%emt 0:00:33]} 37. Kd4 {[%emt 0:00:04]} Kg6 {[%emt 0:00:43]} 38. h4 {[%emt 0:05:44]} Rd3+ {[%emt 0:00:13]} 39. Rxd3 {[%emt 0:00:24]} cxd3 {[%emt 0:00:02]} 40. h5+ {[%emt 0:00:12]} Kxh5 {[%emt 0:00:18]} 41. Kxd3 {[%emt 0:00:37]} 1/2-1/2

[Event "Hull 4NCL GM Congress 2019"]
[Site "Hull"]
[Date "2019.10.31"]
[Round "2.5"]
[White "Turner, Matthew J"]
[Black "Plat, Vojtech"]
[Result "1-0"]
[WhiteElo "2519"]
[BlackElo "2573"]
[Annotator "ChessBase"]
[PlyCount "101"]
[EventDate "2019.10.30"]
[EventType "tourn"]
[EventCountry "ENG"]
[SourceTitle "playchess.com"]
[Source "ChessBase"]
[SourceQuality "1"]
[TimeControl "5400+30"]

1. e4 {[%emt 0:00:00]} c5 {[%emt 0:00:00]} 2. c3 {[%emt 0:00:00]} d5 {[%emt 0:00:57]} 3. exd5 {[%emt 0:00:14]} Qxd5 {[%emt 0:00:05]} 4. d4 {[%emt 0:00:19]} Nc6 {[%emt 0:00:04]} 5. Nf3 {[%emt 0:00:57]} Bf5 {[%emt 0:00:05]} 6. Be3 {[%emt 0:02:06]} cxd4 {[%emt 0:02:41]} 7. Nxd4 {[%emt 0:00:37]} O-O-O {[%emt 0:03:30]} 8. Nd2 {[%emt 0:01:58]} Nxd4 {[%emt 0:01:18]} 9. Bxd4 {[%emt 0:03:14]} Kb8 {[%emt 0:12:05]} 10. Qa4 {[%emt 0:02:41]} b6 {[%emt 0:01:23]} 11. Bc4 {[%emt 0:05:46]} Qd7 {[%emt 0:06:51]} 12. Qxd7 {[%emt 0:01:25]} Rxd7 {[%emt 0:05:22]} 13. Bxf7 {[%emt 0:00:27]} Nf6 {[%emt 0:00:07]} 14. Bb3 {[%emt 0:01:26]} e5 {[%emt 0:00:51]} 15. Bxe5+ {[%emt 0:00:59]} Bd6 {[%emt 0:00:03]} 16. Bxd6+ {[%emt 0:10:48]} Rxd6 {[%emt 0:00:01]} 17. Nc4 {[%emt 0:01:55]} Re8+ {[%emt 0:00:15]} 18. Ne3 {[%emt 0:00:04]} Bd3 {[%emt 0:05:44]} 19. Bd1 {[%emt 0:04:24]} Nd5 {[%emt 0:02:37]} 20. Bf3 {[%emt 0:00:28]} Nxe3 {[%emt 0:01:29]} 21. fxe3 {[%emt 0:00:04]} Bc4 {[%emt 0:03:15]} 22. e4 {[%emt 0:03:36]} g5 {[%emt 0:00:34]} 23. h3 {[%emt 0:00:26]} h5 {[%emt 0:00:54]} 24. Rd1 {[%emt 0:00:57]} Rxd1+ {[%emt 0:06:20]} 25. Kxd1 {[%emt 0:00:18]} Bxa2 {[%emt 0:00:12]} 26. Bxh5 {[%emt 0:00:55]} Rxe4 {[%emt 0:00:07]} 27. Re1 {[%emt 0:00:26]} Bb3+ {[%emt 0:00:18]} 28. Kd2 {[%emt 0:00:06]} Ra4 {[%emt 0:00:15]} 29. Bf3 {[%emt 0:10:33]} Ra2 {[%emt 0:00:20]} 30. Re8+ {[%emt 0:00:45]} Kc7 {[%emt 0:00:06]} 31. Kd3 {[%emt 0:00:41]} Rxb2 {[%emt 0:02:16]} 32. Re7+ {[%emt 0:00:22]} Kd6 {[%emt 0:00:04]} 33. Rxa7 {[%emt 0:00:13]} b5 {[%emt 0:04:18]} 34. Rg7 {[%emt 0:02:11]} Bc4+ {[%emt 0:00:05]} 35. Ke3 {[%emt 0:00:53]} Rc2 {[%emt 0:00:05]} 36. Rg6+ {[%emt 0:00:37]} Ke5 {[%emt 0:01:46]} 37. Rxg5+ {[%emt 0:03:53]} Kf6 {[%emt 0:00:01]} 38. Kf4 {[%emt 0:05:37]} Rxc3 {[%emt 0:00:16]} 39. h4 {[%emt 0:00:30]} b4 {[%emt 0:00:16]} 40. h5 {[%emt 0:00:20]} Bd3 {[%emt 0:01:57]} 41. Rd5 {[%emt 0:02:11]} Rc4+ {[%emt 0:01:16]} 42. Ke3 {[%emt 0:00:29]} Bf5 {[%emt 0:04:08]} 43. Rb5 {[%emt 0:00:38]} Be6 {[%emt 0:02:43]} 44. Be4 {[%emt 0:02:07]} b3 {[%emt 0:03:13]} 45. h6 {[%emt 0:04:59]} Rc8 {[%emt 0:00:03]} 46. Kf4 {[%emt 0:01:51]} Rh8 {[%emt 0:01:13]} 47. h7 {[%emt 0:00:50]} Rf8 {[%emt 0:00:06]} 48. Rb7 {[%emt 0:02:03]} Bf7 {[%emt 0:06:46]} 49. g4 {[%emt 0:00:43]} Kg7 {[%emt 0:00:22]} 50. g5 {[%emt 0:07:21]} Kh8 {[%emt 0:00:05]} 51. Ke3 {[%emt 0:01:19]} 1-0

[Event "Hull 4NCL GM Congress 2019"]
[Site "Hull"]
[Date "2019.10.31"]
[Round "3.1"]
[White "Plat, Vojtech"]
[Black "Merry, Alan B"]
[Result "1/2-1/2"]
[WhiteElo "2573"]
[BlackElo "2426"]
[Annotator "TA"]
[PlyCount "159"]
[EventDate "2019.10.30"]
[EventType "tourn"]
[EventCountry "ENG"]
[SourceTitle "playchess.com"]
[Source "ChessBase"]
[SourceQuality "1"]

{[%evp 9,159,-10,-4,-22,0,-21,-9,-40,-31,-38,-31,-67,-70,-138,-82,-116,-100,-112,-109,-110,-90,-98,-95,-101,-87,-106,-114,-164,-157,-204,-205,-204,-189,-234,-205,-326,-331,-347,-347,-287,-277,-281,-260,-281,-237,-236,-233,-496,-488,-468,-246,-239,-239,-228,-212,-165,-128,-206,-103,-89,-50,-50,-33,-50,-27,-31,-8,-18,-24,-18,-16,-8,0,0,8,8,9,0,0,0,24,23,59,60,60,60,61,61,286,8,8,8,8,8,8,8,8,0,0,0,12,0,0,0,0,0,0,0,0,0,0,0,0,0,0,0,0,0,0,0,0,0,0,0,0,0,0,0,0,0,0,0,0,0,0,0,0,0,0,0,0,0,0,0,0,0,0,0,0,0,0,0]} 1. e4 e6 2. Qe2 c5 3. Nf3 Nc6 4. g3 g6 5. c3 (5. h4 h6 6. Bg2 Bg7 7. O-O Nge7 8. d3 e5 9. c3 d6 10. Nh2 Be6 11. Na3 Qd7 12. Nc2 Bh3 13. Bxh3 Qxh3 {½-½ (46) Naiditsch,A (2701)-Rublevsky,S (2663) Germany 2018}) 5... Bg7 6. h4 {C00: French: Unusual White 2nd moves} h6 7. d3 d6 $146 ({Predecessor:} 7... Nge7 8. Bg2 d5 9. e5 Qc7 10. Bf4 b6 11. Nbd2 Ba6 12. Rb1 g5 13. hxg5 hxg5 14. Rxh8+ Bxh8 15. Nxg5 Nxe5 {0-1 (42) Perez Mitjans,O (2496)-Gutierrez Jimenez,J (2296) Seville 2013}) 8. a4 Nge7 9. Be3 e5 10. Qc2 Be6 11. Nbd2 {[#]} (11. Nfd2 $15) 11... Qd7 ({Black should try} 11... f5 $1 12. Bh3 O-O) 12. a5 O-O 13. Be2 f5 14. Nf1 b6 15. axb6 axb6 16. Rxa8 Rxa8 17. Qc1 Na5 {Hoping for ...Nb3.} 18. N3d2 d5 19. f3 d4 20. Bf2 h5 21. exf5 gxf5 (21... Bxf5 22. Qc2) (21... Nxf5 22. g4) 22. c4 (22. g4 $142) 22... Bh6 $19 23. f4 b5 ({Not} 23... exf4 24. gxf4 Bxf4 25. Qd1 $19) 24. b3 bxc4 25. bxc4 exf4 26. Qd1 Nac6 27. gxf4 Nb4 {aiming for ...Ra1!} 28. Ng3 $2 {[#]} (28. Nb3 {might work better.}) 28... Ra1 $1 {[%mdl 512]} 29. Nb1 (29. Qxa1 Nc2+) 29... Na2 (29... Qd6 $142 30. Nxh5 Bd7) 30. O-O Nc3 ({Inferior is} 30... Bxf4 31. Nxh5 Qc7 32. Nxf4 $11) 31. Qb3 Nxe2+ 32. Nxe2 Ng6 33. Bg3 (33. Nd2 $17 Ra4 34. Qb8+ Qc8 35. Qxc8+ Bxc8 36. Nb3) 33... Qe7 (33... Qa7 $19 34. Nc1 Bd7) 34. Nd2 $17 Rxf1+ 35. Kxf1 Bf7 36. Qb8+ Bf8 37. Bf2 Qd6 38. Qb7 Be8 {Threatens to win with ...Bc6.} 39. Qf3 Ne7 40. Ng3 Bc6 41. Qe2 Qxf4 42. Qe6+ Kh8 $132 {[%mdl 2048] Black puts up resistance} 43. Qf6+ Kg8 44. Qe6+ Kh8 45. Qf7 Qxd2 46. Qxf8+ Ng8 47. Qxf5 {And now Qe5+ would win.} Qd1+ 48. Be1 {Strongly threatening Qe5+.} Bf3 $2 (48... Qf3+ $1 $14 49. Qxf3 Bxf3) 49. Qxc5 $2 ({White must play} 49. Qe5+ $18 Kh7 50. Nf5) 49... Qxd3+ $11 {The position is equal.} 50. Kg1 Nh6 ({Don't blunder} 50... Qe3+ $2 51. Bf2 $18) 51. Qf8+ Kh7 52. Qe7+ Kh8 53. Qd8+ Kh7 54. Qc7+ Kh8 55. Qb8+ Kh7 56. Qa7+ Kg8 57. Qb6 Kh7 58. Bf2 Qd1+ 59. Nf1 {[#]} Be2 $1 {[%mdl 512]} 60. Qc7+ Kg8 61. Qd8+ {[#]} Kf7 $1 {[%mdl 512]} 62. Qd7+ {[#]} Kf8 $1 {[%mdl 512]} 63. Qd6+ Kf7 64. Qf4+ Ke8 65. Bxd4 {Black must now prevent Qb8+.} Bxf1 66. Qe5+ Kd7 67. Qd5+ Kc8 68. Qc6+ Kb8 69. Qe8+ {[#]} Kc7 $1 70. Qe5+ Kd7 71. Qd5+ Kc8 72. Qc6+ Kb8 73. Be5+ Ka7 74. Qc7+ Ka6 75. Qc8+ Ka5 76. Qc5+ Ka4 77. Qb5+ Ka3 78. Qa5+ Kb3 79. Qb5+ Ka3 {( -> ...Bd3+)} 80. Qa5+ {Accuracy: White = 58%, Black = 62%.} 1/2-1/2

[Event "Hull 4NCL GM Congress 2019"]
[Site "Hull"]
[Date "2019.10.31"]
[Round "3.3"]
[White "Palliser, Richard J D"]
[Black "Harvey, Marcus R"]
[Result "0-1"]
[WhiteElo "2413"]
[BlackElo "2405"]
[Annotator "TA"]
[PlyCount "72"]
[EventDate "2019.10.30"]
[EventType "tourn"]
[EventCountry "ENG"]
[SourceTitle "playchess.com"]
[Source "ChessBase"]
[SourceQuality "1"]

{[%evp 14,72,18,17,29,23,29,30,32,-12,-12,0,0,-13,0,0,81,35,172,144,134,80,130,127,119,123,155,84,101,91,106,104,112,10,16,0,0,0,0,0,0,0,0,0,0,0,-6,0,0,0,0,-292,-277,-275,-247,-364,-219,-520,-531,-523,-483]} 1. e4 e6 2. d4 d5 3. Nc3 Nf6 4. e5 Nfd7 5. f4 c5 6. Nf3 Nc6 7. Be3 a6 8. Qd2 Qb6 {C11: French: Classical System: 4 e5 and 4 Bg5 dxe4} (8... b5 9. Nd1 Be7 10. Bd3 b4 11. O-O c4 12. Be2 a5 13. a3 bxa3 14. bxa3 a4 15. Nc3 Ra5 16. g4 h5 {½-½ (66) Alekseenko,K (2668)-Vitiugov,N (2728) Izhevsk 2019}) 9. O-O-O Qa5 10. dxc5 Bxc5 {White has an edge.} 11. Nd4 $146 ({Predecessor:} 11. Bxc5 Nxc5 12. Qe3 Bd7 13. Kb1 Rc8 14. h4 Ne7 15. Bd3 b5 16. h5 b4 17. Ne2 {1-0 (30) Grover,S (2511)-Abergel,T (2431) Port Elizabeth 2019}) 11... Nxd4 12. Bxd4 b5 {[%cal Bb7b5,Bb5b4][%mdl 32]} 13. Kb1 b4 {Hoping for ...Bxd4.} 14. Ne2 Bb7 (14... O-O $11 {keeps the balance.}) 15. g4 Nb6 (15... O-O $14) 16. f5 O-O-O {[#]} 17. Nf4 (17. Qg5 $142 $1) 17... Nc4 {[#]} 18. Qf2 $1 Bxd4 19. Qxd4 g5 20. Nd3 (20. fxe6 $142 gxf4 21. exf7 (21. e7 $2 Rde8 $17)) 20... Qc7 21. h4 h6 22. hxg5 hxg5 23. Rxh8 ({White should play} 23. Rh5 $16) 23... Rxh8 $11 24. Nxb4 {Black must now prevent fxe6.} Qxe5 25. Qc5+ Qc7 26. Qa7 Qb8 27. Qc5+ Qc7 28. Qa7 Qd6 $40 {[%mdl 128] White needs to defend precisely.} 29. a3 Rh1 {aiming for ...Rxf1!} 30. fxe6 fxe6 {...Rxf1! is the strong threat.} 31. Qd4 Qf4 {Strongly threatening ...Qxd4.} 32. Qxf4 $4 {[%mdl 8192]} (32. Qc5+ $1 $11 Kb8 33. Be2 Rxd1+ 34. Bxd1) 32... gxf4 $19 33. Be2 Rh2 34. Bd3 (34. Bf3 {was worth a try.}) 34... f3 35. Re1 $2 (35. b3 Ne3 36. Re1) 35... a5 36. Na2 f2 {Accuracy: White = 40%, Black = 50%.} 0-1

[Event "Hull 4NCL GM Congress 2019"]
[Site "Hull"]
[Date "2019.10.31"]
[Round "3.4"]
[White "Greet, Andrew N"]
[Black "Gonda, Laszlo"]
[Result "1/2-1/2"]
[WhiteElo "2414"]
[BlackElo "2541"]
[Annotator "TA"]
[PlyCount "28"]
[EventDate "2019.10.30"]
[EventType "tourn"]
[EventCountry "ENG"]
[SourceTitle "playchess.com"]
[Source "ChessBase"]
[SourceQuality "1"]

{[%evp 9,28,-5,16,-25,0,-74,31,27,18,-32,0,0,54,47,54,50,65,65,57,14,48]} 1. e4 e5 2. f4 Qh4+ 3. g3 Qe7 4. Nc3 exf4 5. Nf3 fxg3 (5... d5 $5 {[%cal Rd5e4]} 6. e5 (6. Nxd5 Qxe4+ 7. Qe2 Qxe2+ 8. Bxe2 Bd6 $11) 6... Qd8 $11) 6. d4 {C30: King's Gambit Declined} d5 7. Bg5 (7. Ng5 $11 {remains equal.}) 7... Nf6 $146 (7... f6 $17 8. Nxd5 Qxe4+ {[%mdl 64] Double Attack} 9. Qe2 Qxe2+ 10. Bxe2 Bd6) ({Predecessor:} 7... f6 8. Bf4 c6 9. Qe2 Be6 10. O-O-O dxe4 11. Nxe4 Bd5 12. Nd6+ Kd8 13. c4 Qxe2 14. Bxe2 Bxd6 15. Bxd6 Bxf3 16. Bxf3 {1-0 (56) Guerra Mendez,J (2456)-Villalta Bustillo,I (2146) Ourense 2008}) 8. e5 $14 {[#] Strongly threatening Bxf6.White is slightly better.} Qe6 $1 9. Bxf6 gxf6 10. hxg3 Nc6 (10... Qg4 $11 11. Kf2 Be6) 11. Bh3 {[%mdl 1024] White has compensation.} f5 12. Nh4 Ne7 13. Qd3 Qh6 14. Qf3 {[%cal Rh4f5]} Rg8 1/2-1/2

[Event "Hull 4NCL GM Congress 2019"]
[Site "Hull"]
[Date "2019.10.31"]
[Round "3.5"]
[White "Eggleston, David J"]
[Black "Haria, Ravi"]
[Result "1/2-1/2"]
[WhiteElo "2394"]
[BlackElo "2463"]
[Annotator "TA"]
[PlyCount "83"]
[EventDate "2019.10.30"]
[EventType "tourn"]
[EventCountry "ENG"]
[SourceTitle "playchess.com"]
[Source "ChessBase"]
[SourceQuality "1"]

{[%evp 25,83,24,19,0,0,0,27,25,72,58,65,29,32,33,31,33,30,27,66,34,24,20,23,20,16,14,14,12,12,22,23,39,47,22,61,60,53,12,20,11,59,8,8,8,9,0,0,0,0,0,0,0,0,0,0,0,0,0,0,0]} 1. e4 e5 2. Nf3 Nf6 3. Nxe5 d6 4. Nf3 Nxe4 5. d4 d5 6. Bd3 Be7 7. O-O Nc6 8. c4 Nb4 9. Be2 O-O 10. Nc3 Be6 11. a3 Nxc3 12. bxc3 Nc6 {[%cal Bb4c6,Bc6e7,Be7d5,Bd5f4,Bf4e6][%mdl 32]} 13. cxd5 Bxd5 14. Be3 {C42: Petroff Defence: 3 Nxe5 and unusual White 3rd moves} Bf6 15. Nd2 Ne7 16. Qc2 {[#] White has an edge.} c5 $146 ({Predecessor:} 16... g6 17. Bd3 Bc6 18. Ne4 Bg7 19. Rae1 b6 {1-0 (31) Wang,Z (2505)-Ye,R (2535) Copenhagen 1995}) 17. dxc5 Bc6 18. Ne4 Nd5 19. Nxf6+ Qxf6 20. Bd4 Qg5 21. Bf3 Rac8 22. Kh1 Nf4 {[#] ( -> ...Bxf3)} 23. Qd1 Ne6 24. Re1 Rfd8 25. Bxc6 Rxc6 26. Qf3 Qd5 27. Qg4 {[#] aiming for Rxe6!} Nxd4 28. cxd4 Rg6 29. Qf3 (29. Qe4 $5 {[%cal Re4e8]} Re6 30. Qxd5 Rxd5 31. Red1 $14) 29... Re6 30. Qxd5 Rxd5 $14 {[%mdl 4096] Endgame KRR-KRR} 31. Reb1 (31. Red1 {seems wilder.} b6 32. g3 Kf8 33. cxb6 axb6 34. Kg2) 31... b6 32. Rb4 h5 33. cxb6 ({White should try} 33. Rc4 $14) 33... axb6 $11 {The position is equal.} 34. g3 Re2 35. Kg2 Rf5 36. Rf1 b5 37. a4 bxa4 38. Rxa4 Rd2 39. Ra8+ Kh7 40. Rd8 g6 41. Rd7 Kg7 42. h4 {Accuracy: White = 61%, Black = 61%.} 1/2-1/2

[Event "Hull 4NCL GM Congress 2019"]
[Site "Hull"]
[Date "2019.11.01"]
[Round "4.1"]
[White "Merry, Alan B"]
[Black "Haria, Ravi"]
[Result "1/2-1/2"]
[WhiteElo "2426"]
[BlackElo "2463"]
[Annotator "ChessBase"]
[PlyCount "65"]
[EventDate "2019.10.30"]
[EventType "tourn"]
[EventCountry "ENG"]
[SourceTitle "playchess.com"]
[Source "ChessBase"]
[SourceQuality "1"]
[TimeControl "5400+30"]

1. c4 {[%emt 0:00:00]} e6 {[%emt 0:01:18]} 2. Nc3 {[%emt 0:00:00]} d5 {[%emt 0:00:04]} 3. d4 {[%emt 0:00:00]} c6 {[%emt 0:00:06]} 4. e3 {[%emt 0:00:00]} f5 {[%emt 0:00:39]} 5. f4 {[%emt 0:01:25]} Qh4+ {[%emt 0:08:19]} 6. g3 {[%emt 0:00:05]} Qd8 {[%emt 0:00:34]} 7. Nf3 {[%emt 0:00:06]} Nf6 {[%emt 0:00:46]} 8. Bd3 {[%emt 0:00:06]} Be7 {[%emt 0:01:32]} 9. O-O {[%emt 0:01:20]} O-O {[%emt 0:01:15]} 10. b3 {[%emt 0:06:44]} Ne4 {[%emt 0:08:23]} 11. Bb2 {[%emt 0:00:49]} Nd7 {[%emt 0:01:27]} 12. Qe2 {[%emt 0:02:47]} b6 {[%emt 0:14:18]} 13. cxd5 {[%emt 0:06:07]} cxd5 {[%emt 0:04:55]} 14. Rac1 {[%emt 0:09:01]} a6 {[%emt 0:00:46]} 15. Rc2 {[%emt 0:03:57]} Bb7 {[%emt 0:07:59]} 16. Rfc1 {[%emt 0:00:13]} Bd6 {[%emt 0:01:20]} 17. Ne5 {[%emt 0:04:25]} b5 {[%emt 0:11:44]} 18. a4 {[%emt 0:21:16]} b4 {[%emt 0:01:30]} 19. Nb1 {[%emt 0:00:10]} a5 {[%emt 0:15:37]} 20. Nd2 {[%emt 0:15:10]} Nxd2 {[%emt 0:01:27]} 21. Qxd2 {[%emt 0:00:37]} Nf6 {[%emt 0:00:27]} 22. Bb5 {[%emt 0:02:56]} Qe7 {[%emt 0:05:42]} 23. Bc6 {[%emt 0:01:41]} Ne4 {[%emt 0:02:52]} 24. Qd1 {[%emt 0:03:16]} Rfc8 {[%emt 0:01:50]} 25. Qd3 {[%emt 0:03:33]} Bxe5 {[%emt 0:06:14]} 26. dxe5 {[%emt 0:00:30]} Rab8 {[%emt 0:00:48]} 27. Bd4 {[%emt 0:02:41]} Bxc6 {[%emt 0:00:16]} 28. Rxc6 {[%emt 0:00:04]} Qd7 {[%emt 0:00:56]} 29. Qa6 {[%emt 0:02:42]} Rxc6 {[%emt 0:00:47]} 30. Rxc6 {[%emt 0:01:50]} Nd2 {[%emt 0:00:29]} 31. Rxe6 {[%emt 0:07:20]} Nxb3 {[%emt 0:00:14]} 32. Rd6 {[%emt 0:01:10]} Qc7 {[%emt 0:00:43]} 33. Rc6 {[%emt 0:03:32]} 1/2-1/2

[Event "Hull 4NCL GM Congress 2019"]
[Site "Hull"]
[Date "2019.11.01"]
[Round "4.2"]
[White "Gonda, Laszlo"]
[Black "Eggleston, David J"]
[Result "1/2-1/2"]
[WhiteElo "2541"]
[BlackElo "2394"]
[Annotator "ChessBase"]
[PlyCount "41"]
[EventDate "2019.10.30"]
[EventType "tourn"]
[EventCountry "ENG"]
[SourceTitle "playchess.com"]
[Source "ChessBase"]
[SourceQuality "1"]
[TimeControl "5400+30"]

1. Nf3 {[%emt 0:00:00]} Nf6 {[%emt 0:00:25]} 2. g3 {[%emt 0:00:00]} e6 {[%emt 0:00:31]} 3. Bg2 {[%emt 0:00:00]} d5 {[%emt 0:00:08]} 4. O-O {[%emt 0:00:00]} Be7 {[%emt 0:00:13]} 5. c4 {[%emt 0:00:06]} O-O {[%emt 0:00:08]} 6. d4 {[%emt 0:00:06]} dxc4 {[%emt 0:00:08]} 7. Qc2 {[%emt 0:00:07]} a6 {[%emt 0:00:06]} 8. a4 {[%emt 0:00:18]} Bd7 {[%emt 0:00:27]} 9. Qxc4 {[%emt 0:00:29]} Bc6 {[%emt 0:00:27]} 10. Bg5 {[%emt 0:00:08]} Bd5 {[%emt 0:00:21]} 11. Qd3 {[%emt 0:00:16]} Be4 {[%emt 0:00:58]} 12. Qe3 {[%emt 0:00:54]} Nbd7 {[%emt 0:04:43]} 13. Nc3 {[%emt 0:11:15]} Bc6 {[%emt 0:01:32]} 14. Qd3 {[%emt 0:01:03]} h6 {[%emt 0:22:02]} 15. Bxf6 {[%emt 0:01:14]} Bxf6 {[%emt 0:00:30]} 16. b4 {[%emt 0:13:05]} Bxf3 {[%emt 0:02:04]} 17. Bxf3 {[%emt 0:00:25]} c6 {[%emt 0:00:07]} 18. Ne4 {[%emt 0:10:07]} Be7 {[%emt 0:01:29]} 19. Rab1 {[%emt 0:06:48]} a5 {[%emt 0:14:54]} 20. bxa5 {[%emt 0:10:12]} Qc7 {[%emt 0:00:29]} 21. Nd2 {[%emt 0:00:21]} 1/2-1/2